000 00496nam a2200217Ia 4500
003 OSt
005 20221005125025.0
006 a|||||r|||| 00| 0
007 ta
008 221004b |||||||| |||| 00| 0 eng d
024 _a116543
037 _cTextual
040 _aCRL
_cCRL
_beng
041 _2eng
_aeng
100 _aKanti Swarup
245 0 _aOperation Research
260 _c1977
650 _aGENERAL
_9592526
942 _cTEXL
_2cc
999 _c1052456
_d1052456